Black Samson /

Salvato in:
Dettagli Bibliografici
Autore principale: Harman, Humphrey
Natura: Libro
Lingua:English
Pubblicazione: London : Hutchinson, 1965.
LEADER 00751nam a2200217 a 4500
001 c000086488
003 CARM
005 00000000000000.0
008 921007s1965 enk j 00011 eng d
019 1 |a 9333059  |5 LACONCORD2021 
035 |a (OCoLC)7743109  |5 LACONCORD2021 
040 |a VLINC  |c VLINC 
100 1 |a Harman, Humphrey. 
245 1 0 |a Black Samson /  |c Humphrey Harman. 
260 |a London :  |b Hutchinson,  |c 1965. 
300 |a 191 p. :  |b maps ;  |c 21 cm. 
500 |a Maps on endpapers. 
852 8 |b CARM  |h A2:AH37G0  |i A01620  |p 0122455  |f BK 
082 0 4 |a 823.914  |2 20 
999 f f |i 5e0472f0-7da7-5a27-9cdd-7415beb632b7  |s 35f72276-78ed-59fe-ae81-562876655a4f 
952 f f |p Can circulate  |a CAVAL  |b CAVAL  |c CAVAL  |d CARM 1 Store  |e A01620  |f A2:AH37G0  |h Other scheme  |i book  |m 0122455